000 00731nam a22002657a 4500
003 0
005 20180728123009.0
008 0
010 _aA-939315
020 _c225.00
_a8120312740
035 _aA-939315, A-939316
037 _bCen Lib/ Ret
040 _aDPL
_bEN
_c0
082 _a332.673
_bBUC
100 _aBuckley, Adrian
_9112582
245 _aMultinational finance /
_cby Adrian Buckley
250 _a3rd ed
260 _aNew Delhi
_bPrentice-Hall of India
_c1998
270 _bNew Delhi
_aM-97, Connaught Circus
_e110015
300 _axiii, 606p.
_c21cm(Hb)
500 _aIncludes index
650 _aEconomics
_x
_918542
650 _aFinance
_910634
942 _2ddc
_cEN
_h332.673
_mBUC
999 _c126809
_d126809